[Event "Superettan(Upsala II-Vastervik)"]
[Site "?"]
[Date "2007.10.20"]
[Round "1"]
[White "Sternlund, Hakan"]
[Black "Cederberg, Karl Olof"]
[Result "0-1"]
[WhiteElo "2224"]
[BlackElo "2217"]
[PlyCount "106"]
[EventDate "2007.11.07"]
[SourceDate "2007.11.07"]

1. c4 e5 2. Nc3 Bb4 3. Nf3 Nc6 4. d3 f5 5. Bd2 Nf6 6. a3 Bxc3 7. Bxc3 Qe7 8. e3
d5 9. d4 exd4 10. Nxd4 Nxd4 11. Qxd4 c5 12. Qe5 Qxe5 13. Bxe5 Be6 14. Bxf6 gxf6
15. b3 Rd8 16. O-O-O Ke7 17. Bd3 Rhg8 18. g3 a6 19. Kc2 b5 20. cxb5 c4 21. bxc4
dxc4 22. Be2 Bd5 23. Rhe1 Be4+ 24. Kc3 axb5 25. f3 Bc6 26. Ra1 Ra8 27. Red1 Ra4
28. Rd4 Rga8 29. Kb2 b4 30. Rxc4 bxa3+ 31. Kc3 Bd5 32. Rxa4 Rxa4 33. Bb5 Ra7
34. Kb4 a2 35. Kc5 Be6 36. Kb6 Ra3 37. Kc5 Rb3 38. Rxa2 Rxb5+ 39. Kxb5 Bxa2 40.
Kc5 Ke6 41. Kd4 Bb3 42. e4 Bd1 43. Ke3 Ke5 44. exf5 Kxf5 45. Kf2 Ba4 46. Ke3
Bc6 47. Kf2 Ke5 48. Ke3 f5 49. h3 f4+ 50. Kf2 fxg3+ 51. Kxg3 Kf5 52. f4 Be4 53.
h4 h5 0-1

[Event "Superettan(Upsala II-Vastervik)"]
[Site "?"]
[Date "2007.10.20"]
[Round "1"]
[White "Stenson, Johan"]
[Black "Ask, Josef"]
[Result "0-1"]
[WhiteElo "2136"]
[BlackElo "2272"]
[PlyCount "86"]

1. e4 e5 2. Nf3 Nc6 3. Bc4 Nf6 4. Ng5 d5 5. exd5 Na5 6. Bb5+ Bd7 7. Qe2 Bd6 8.
Nc3 c6 9. dxc6 Nxc6 10. Nce4 Nxe4 11. Nxe4 Be7 12. O-O O-O 13. Bc4 Kh8 14. d3
f5 15. Nc3 Bd6 16. Kh1 Qh4 17. f4 exf4 18. Qf2 Qxf2 19. Rxf2 g5 20. Bd2 Bc5 21.
Re2 Rae8 22. Rae1 Kg7 23. Nd5 Kg6 24. c3 Na5 25. Ne7+ Bxe7 26. Rxe7 Nxc4 27.
dxc4 Rxe7 28. Rxe7 Bc6 29. Kg1 Rd8 30. Be1 Rd1 31. Kf2 Be4 32. b4 Ra1 33. Rd7
Rxa2+ 34. Bd2 Ra1 35. h4 h6 36. Rd8 Kh5 37. hxg5 hxg5 38. c5 Kg4 39. Be1 Bxg2
40. Kxg2 Rxe1 41. Rd7 f3+ 42. Kf2 Re2+ 43. Kf1 Kg3 0-1

[Event "Superettan(Upsala II-Vastervik)"]
[Site "?"]
[Date "2007.10.20"]
[Round "1"]
[White "Karlsson, Jorgen"]
[Black "Svahn, Joel"]
[Result "0-1"]
[WhiteElo "2178"]
[BlackElo "2211"]
[PlyCount "76"]
[SourceDate "2007.11.09"]

1. Nf3 Nf6 2. c4 g6 3. Nc3 Bg7 4. g3 O-O 5. Bg2 d6 6. d4 Nbd7 7. O-O e5 8. e3
Re8 9. b4 Nb6 10. dxe5 Ng4 11. c5 Nc4 12. Rb1 Ngxe5 13. Nd4 Bg4 14. Qb3 dxc5
15. bxc5 Na5 16. Qa4 Nac6 17. Nxc6 bxc6 18. Bb2 Bf3 19. Qc2 Rb8 20. Ne4 Bxg2
21. Kxg2 Ng4 22. Bxg7 Rxb1 23. Rxb1 Kxg7 24. Rd1 Qe7 25. Qc3+ f6 26. Rd4 Ne5
27. Nd2 Rd8 28. Rxd8 Qxd8 29. Qd4 Qe7 30. f4 Nd7 31. Nb3 Qe6 32. e4 Kf7 33. h3
h6 34. g4 g5 35. f5 Qe7 36. Qa4 Kg7 37. Qxc6 Ne5 38. Nd4 Nxc6 0-1

[Event "Superettan(Upsala II-Vastervik)"]
[Site "?"]
[Date "2007.10.20"]
[Round "1"]
[White "Fallman, Micael"]
[Black "Nilsson, Victor"]
[Result "1/2-1/2"]
[WhiteElo "2090"]
[BlackElo "2170"]
[PlyCount "82"]
[EventDate "2007.??.??"]

1. d4 Nf6 2. Nf3 g6 3. c4 Bg7 4. Nc3 d5 5. Qb3 dxc4 6. Qxc4 O-O 7. e4 Bg4 8.
Be2 Nc6 9. Be3 Nd7 10. Rd1 Nb6 11. Qc5 Qd6 12. O-O Rad8 13. d5 Nb8 14. Nb5 Qd7
15. Nxa7 Bxf3 16. gxf3 Be5 17. f4 Bd6 18. Qc2 e5 19. fxe5 Bxe5 20. f4 Bg7 21.
d6 c5 22. Qxc5 Na4 23. Qb5 Bxb2 24. Qxd7 Nxd7 25. Rb1 Ba3 26. Nb5 Bc5 27. Bxc5
Naxc5 28. e5 g5 29. Bg4 gxf4 30. Bxd7 Nxd7 31. Rxf4 Nxe5 32. Rb3 f6 33. Nc7
Rxd6 34. Rxb7 Kh8 35. Nb5 Rd2 36. Rf2 Rg8+ 37. Kf1 Rd1+ 38. Ke2 Ra1 39. Nc3 Rh1
40. Rxf6 Rxh2+ 41. Rf2 Rh3 1/2-1/2

[Event "Superettan(Upsala II-Vastervik)"]
[Site "?"]
[Date "2007.10.20"]
[Round "1"]
[White "Dolata, Henryk"]
[Black "Elenius, Erik"]
[Result "1/2-1/2"]
[WhiteElo "2023"]
[BlackElo "2167"]
[PlyCount "82"]
[EventDate "2007.??.??"]

1. e4 c5 2. c3 e6 3. d4 d5 4. exd5 exd5 5. Nf3 Nc6 6. Be3 cxd4 7. Nxd4 Bd6 8.
Bd3 Nf6 9. h3 O-O 10. Nd2 Re8 11. O-O Bb8 12. Re1 Qd6 13. N2f3 Ne4 14. Nxc6
bxc6 15. c4 Bd7 16. Qc2 Bc7 17. Rad1 Rac8 18. Bxa7 Bf5 19. Be3 Re6 20. Kf1 Ba5
21. cxd5 Ree8 22. Bc5 Qg6 23. b4 cxd5 24. Nh4 Ng3+ 25. Kg1 Bxd3 26. Nxg6 Bxc2
27. Ne7+ Rxe7 28. Bxe7 Bxd1 29. Rxd1 Nf5 30. Bc5 Bd8 31. Rxd5 g6 32. a4 Ne7 33.
Rxd8+ Rxd8 34. Bxe7 Rd1+ 35. Kh2 Ra1 36. a5 f5 37. Bc5 Kf7 38. g3 Ke6 39. Kg2
Ke5 40. h4 Ke4 41. Bd6 Ra2 1/2-1/2

[Event "Superettan(Upsala II-Vastervik)"]
[Site "?"]
[Date "2007.10.20"]
[Round "1"]
[White "Harren, Mats"]
[Black "Bjelvenmark, Per"]
[Result "1-0"]
[WhiteElo "2078"]
[BlackElo "1973"]
[PlyCount "81"]
[EventDate "2007.??.??"]

1. e4 e6 2. b3 d5 3. Bb2 c5 4. exd5 exd5 5. Bb5+ Bd7 6. Qe2+ Qe7 7. Bxd7+ Kxd7
8. d4 Nf6 9. dxc5 Nc6 10. Nc3 Qxe2+ 11. Ngxe2 Bxc5 12. O-O Nd4 13. Nxd4 Bxd4
14. Rad1 Bxc3 15. Bxc3 Kc6 16. Bxf6 gxf6 17. Rfe1 Rhe8 18. Kf1 Re6 19. Re3 Rxe3
20. fxe3 Re8 21. Kf2 Re5 22. Rd4 Rf5+ 23. Ke2 Re5 24. Kf3 a5 25. Rh4 h5 26. Rf4
f5 27. Rh4 Kc5 28. c3 Re4 29. Rxh5 a4 30. bxa4 Rxa4 31. Rxf5 Ra3 32. Rxf7 Rxc3
33. Rc7+ Kb4 34. Rxc3 Kxc3 35. h4 Kb2 36. h5 Kxa2 37. h6 b5 38. h7 b4 39. h8=Q
b3 40. Qa8+ Kb1 41. Qxd5 1-0

[Event "Superettan(Passanten-Eksjo)"]
[Site "?"]
[Date "2007.10.20"]
[Round "1"]
[White "Schussler, Harry"]
[Black "Cramling, Dan"]
[Result "1-0"]
[WhiteElo "2444"]
[BlackElo "2382"]
[PlyCount "79"]

1. d4 Nf6 2. Nf3 c5 3. d5 e6 4. c4 exd5 5. cxd5 a6 6. a4 Bd6 7. Nbd2 Qa5 8. e4
Nxe4 9. Bd3 Nxd2 10. Bxd2 Qd8 11. Ng5 Qe7+ 12. Kf1 h6 13. Qh5 O-O 14. Nh7 Qe5
15. Qxe5 Bxe5 16. Nxf8 Kxf8 17. Re1 d6 18. f4 Bxb2 19. Ba5 Bf6 20. Bc7 Be7 21.
Kf2 b5 22. axb5 axb5 23. Rxe7 Kxe7 24. Re1+ Be6 25. Bxb5 Ra2+ 26. Kg1 Rb2 27.
Bf1 Kd7 28. dxe6+ fxe6 29. Ba5 g5 30. Bc3 Rb3 31. Bd2 Rb2 32. Bc1 Rb1 33. Bd3
Ra1 34. Kf1 d5 35. fxg5 hxg5 36. Bxg5 Rxe1+ 37. Kxe1 c4 38. Bg6 Nc6 39. h4 Ne5
40. h5 1-0

[Event "Superettan(Passanten-Eksjo)"]
[Site "?"]
[Date "2007.10.20"]
[Round "1"]
[White "Larsson, Per"]
[Black "Vernersson, Per"]
[Result "1/2-1/2"]
[WhiteElo "2360"]
[BlackElo "2472"]
[PlyCount "45"]

1. Nf3 Nf6 2. c4 e6 3. g3 b6 4. Bg2 Bb7 5. O-O c5 6. Nc3 Be7 7. Re1 d6 8. e4 a6
9. d4 cxd4 10. Nxd4 Qc7 11. Be3 O-O 12. Rc1 Nbd7 13. f4 Rfe8 14. f5 e5 15. Nd5
Qd8 16. Nc2 Nxd5 17. cxd5 Bg5 18. Qd2 Bxe3+ 19. Nxe3 b5 20. Ng4 h5 21. Nf2 Qb6
22. Bf3 Nf6 23. Qe3 1/2-1/2

[Event "Superettan(Passanten-Eksjo)"]
[Site "?"]
[Date "2007.10.20"]
[Round "1"]
[White "Ornstein, Axel"]
[Black "Sanden, Stefan"]
[Result "1/2-1/2"]
[WhiteElo "2440"]
[BlackElo "2327"]
[PlyCount "48"]

1. e4 c5 2. Nf3 d6 3. d4 cxd4 4. Nxd4 Nf6 5. Nc3 e6 6. g4 h6 7. Bg2 Nc6 8. Nxc6
bxc6 9. e5 Nd5 10. exd6 Bxd6 11. Ne4 Bc7 12. c4 Nb4 13. Qxd8+ Bxd8 14. Nd6+ Ke7
15. Nxc8+ Rxc8 16. O-O Nd3 17. Rd1 Nxc1 18. Raxc1 c5 19. Bb7 Rc7 20. Ba6 Rd7
21. Rxd7+ Kxd7 22. Rd1+ Ke7 23. Bb5 Bb6 24. Kg2 Rd8 1/2-1/2

[Event "Superettan(Passanten-Eksjo)"]
[Site "?"]
[Date "2007.10.20"]
[Round "1"]
[White "Lundin, Anders"]
[Black "Thornert, Hakan"]
[Result "1/2-1/2"]
[WhiteElo "2190"]
[BlackElo "2257"]
[PlyCount "50"]

1. d4 Nf6 2. c4 g6 3. Nc3 d5 4. Nf3 Bg7 5. e3 O-O 6. cxd5 Nxd5 7. Bc4 Nb6 8.
Bb3 Nc6 9. O-O a5 10. h3 Bd7 11. d5 Nb4 12. a3 a4 13. axb4 axb3 14. Rxa8 Qxa8
15. Qxb3 e6 16. e4 exd5 17. exd5 Re8 18. Be3 Qa6 19. b5 Qa5 20. Bd4 Bxd4 21.
Nxd4 Re5 22. Nf3 Re8 23. Ng5 Re5 24. Nf3 Re8 25. Ng5 Re5 1/2-1/2

[Event "Superettan(Passanten-Eksjo)"]
[Site "?"]
[Date "2007.10.20"]
[Round "1"]
[White "de Verdier, Michael"]
[Black "Loven, Anders"]
[Result "1-0"]
[WhiteElo "2222"]
[BlackElo "2145"]
[PlyCount "65"]

1. Nf3 c5 2. c4 Nc6 3. Nc3 e5 4. e3 Nf6 5. d4 cxd4 6. exd4 e4 7. Ne5 Bb4 8. a3
Bxc3+ 9. bxc3 O-O 10. Bf4 Nxe5 11. Bxe5 d6 12. Bg3 Be6 13. Be2 Qe7 14. O-O Rfc8
15. d5 Bf5 16. Qd4 Nd7 17. Rae1 Ne5 18. f3 exf3 19. gxf3 Re8 20. Bd1 Qc7 21. c5
f6 22. cxd6 Qxd6 23. Ba4 Re7 24. Qb4 Rd8 25. Qxd6 Rxd6 26. Bxe5 fxe5 27. c4 Bd3
28. c5 Rg6+ 29. Kf2 Bxf1 30. d6 Rf7 31. Rxe5 Bc4 32. Re8+ Rf8 33. d7 1-0

[Event "Superettan(Passanten-Eksjo)"]
[Site "?"]
[Date "2007.10.20"]
[Round "1"]
[White "Ekelund, Peter"]
[Black "Krantz, Christopher"]
[Result "1/2-1/2"]
[WhiteElo "2114"]
[BlackElo "2142"]
[PlyCount "57"]

1. c4 c5 2. g3 Nf6 3. Bg2 d5 4. cxd5 Nxd5 5. Nf3 Nc6 6. Nc3 Nc7 7. d3 e5 8. O-O
Be7 9. Bd2 O-O 10. Rc1 Bd7 11. Ne4 Ne6 12. Bc3 f6 13. a3 Kh8 14. e3 Rc8 15. Qe2
Nc7 16. Bd2 b6 17. Rfd1 Nd5 18. Nc3 Nxc3 19. Bxc3 Bg4 20. h3 Bh5 21. g4 Bf7 22.
d4 exd4 23. exd4 cxd4 24. Nxd4 Nxd4 25. Bxd4 Rxc1 26. Rxc1 Bd6 27. Rd1 Re8 28.
Qd3 Bg6 29. Qc3 1/2-1/2

[Event "Superettan(Passanten-Eksjo)"]
[Site "?"]
[Date "2007.10.20"]
[Round "1"]
[White "Akvist, Hakan"]
[Black "Danielsson, Robert"]
[Result "1/2-1/2"]
[WhiteElo "2116"]
[BlackElo "1987"]
[PlyCount "69"]

1. d4 Nf6 2. c4 g6 3. Nc3 d5 4. cxd5 Nxd5 5. e4 Nxc3 6. bxc3 Bg7 7. Nf3 c5 8.
Be2 O-O 9. O-O b6 10. Be3 Bb7 11. dxc5 Bxe4 12. Qa4 Bc6 13. Qa3 e5 14. Rad1 Qc8
15. Rd2 Nd7 16. cxb6 axb6 17. Qb4 Qc7 18. Qh4 Nf6 19. Rfd1 Ne4 20. Ng5 Nxg5 21.
Bxg5 Rfe8 22. Qb4 Bf8 23. Qh4 Bg7 24. Bf1 Ra4 25. Qg3 h6 26. Bd8 Qb7 27. Qe3 b5
28. Qb6 Qxb6 29. Bxb6 Bf8 30. Rd8 Ra8 31. Rxe8 Rxe8 32. f3 Ra8 33. Rd8 Rxd8 34.
Bxd8 Bc5+ 35. Kh1 1/2-1/2

[Event "Superettan(Passanten-Eksjo)"]
[Site "?"]
[Date "2007.10.20"]
[Round "1"]
[White "Jordas, Ingvar"]
[Black "Andersson, Johan"]
[Result "0-1"]
[WhiteElo "1870"]
[BlackElo "2107"]
[PlyCount "112"]

1. e4 d6 2. d4 Nf6 3. Bd3 e5 4. c3 d5 5. dxe5 Nxe4 6. Bxe4 dxe4 7. Qxd8+ Kxd8
8. Bf4 Nd7 9. Ne2 Nc5 10. O-O Bg4 11. Ng3 Nd3 12. Bg5+ Be7 13. Bxe7+ Kxe7 14.
h3 Be6 15. Nxe4 Nxb2 16. Nbd2 Nc4 17. f4 Nxd2 18. Nxd2 Rhd8 19. Nf3 Rd3 20.
Rfc1 c5 21. Rab1 Bd5 22. Kf2 Rd8 23. Rd1 Bxf3 24. Rxd3 Rxd3 25. gxf3 b6 26. a4
Rd2+ 27. Ke3 Ra2 28. Ke4 Rxa4+ 29. Kd5 Rxf4 30. Ra1 a5 31. Rb1 Rxf3 32. Rxb6
Rd3+ 33. Kxc5 Rxc3+ 34. Kd4 Rxh3 35. Rb7+ Ke6 36. Rb6+ Kf5 37. Rb7 Kg6 38. Rb6+
Kg5 39. Rb7 Rf3 40. e6 fxe6 41. Rxg7+ Kf6 42. Rxh7 Rf4+ 43. Kd3 a4 44. Rh8 Rg4
45. Ra8 Kf5 46. Ke3 Rb4 47. Ra5+ e5 48. Ke2 Kf4 49. Ra8 Rb2+ 50. Kd3 e4+ 51.
Kd4 Rd2+ 52. Kc4 e3 53. Rxa4 Kf3 54. Kc3 Rd6 55. Ra1 e2 56. Rh1 Rd1 0-1

[Event "Superettan(Lundby-Rockaden,Umea)"]
[Site "?"]
[Date "2007.10.20"]
[Round "1"]
[White "Forsberg, Viktor"]
[Black "Virolainen, Victor"]
[Result "1-0"]
[WhiteElo "2312"]
[BlackElo "2239"]
[PlyCount "61"]
[EventDate "2007.??.??"]

1. e4 e5 2. Nf3 Nc6 3. Bb5 a6 4. Ba4 Nf6 5. O-O Be7 6. Re1 b5 7. Bb3 d6 8. c3
O-O 9. h3 Na5 10. Bc2 c5 11. d4 Qc7 12. Nbd2 Nc6 13. d5 Nd8 14. a4 Rb8 15. axb5
axb5 16. b3 Ne8 17. Nf1 Bd7 18. Ng3 g6 19. Bh6 Ng7 20. Ra6 Nb7 21. Qd2 Ra8 22.
Rea1 Rxa6 23. Rxa6 Na5 24. c4 b4 25. Nxe5 Bc8 26. Ng4 Bxa6 27. Bxg7 Kxg7 28.
Qh6+ Kg8 29. Nh5 gxh5 30. Nf6+ Bxf6 31. e5 1-0

[Event "Superettan(Lundby-Rockaden,Umea)"]
[Site "?"]
[Date "2007.10.20"]
[Round "1"]
[White "Nuoristo, Peter"]
[Black "Nygren, David"]
[Result "1/2-1/2"]
[WhiteElo "2214"]
[BlackElo "2288"]
[PlyCount "31"]
[EventDate "2007.??.??"]

1. d4 Nf6 2. Bf4 d6 3. e3 c6 4. h3 Qa5+ 5. Nd2 e5 6. Bh2 Bf5 7. c3 exd4 8. Nc4
Qd8 9. exd4 d5 10. Ne5 Qb6 11. Bd3 Bxd3 12. Nxd3 Be7 13. Nf3 O-O 14. O-O Nbd7
15. Nfe5 Rfe8 16. Re1 1/2-1/2

[Event "Superettan(Lundby-Rockaden,Umea)"]
[Site "?"]
[Date "2007.10.20"]
[Round "1"]
[White "Lindgren, Fredrik"]
[Black "Sigurgeirsson, Brjann"]
[Result "1/2-1/2"]
[WhiteElo "2279"]
[BlackElo "2189"]
[PlyCount "82"]
[EventDate "2007.??.??"]

1. Nf3 Nf6 2. g3 g6 3. Bg2 Bg7 4. O-O O-O 5. d3 c5 6. e4 d6 7. c3 c4 8. dxc4
Nxe4 9. Nd4 Nc5 10. b4 Ne6 11. Nxe6 fxe6 12. Qb3 Nc6 13. Nd2 a5 14. b5 Ne5 15.
Ba3 Qb6 16. c5 dxc5 17. Nc4 Nxc4 18. Qxc4 Bd7 19. Qxc5 Qxc5 20. Bxc5 Bxb5 21.
Rfc1 Rac8 22. Bxe7 Rf7 23. Bg5 Rxc3 24. Bh3 Bd7 25. Rxc3 Bxc3 26. Rd1 Kf8 27.
Bg2 b5 28. Be3 b4 29. Rd3 Ba4 30. Bb6 Bb5 31. Rd8+ Ke7 32. Ra8 a4 33. Bc5+ Kf6
34. Rb8 Bc4 35. Bxb4 Bd4 36. a3 Kg7 37. Bd2 Bb3 38. Rb7 Rxb7 39. Bxb7 Bc5 40.
Bc3+ Kf7 41. Bb2 Bb6 1/2-1/2

[Event "Superettan(Lundby-Rockaden,Umea)"]
[Site "?"]
[Date "2007.10.20"]
[Round "1"]
[White "Zackrisson, Mattias"]
[Black "Engman, Rickard"]
[Result "0-1"]
[WhiteElo "2108"]
[BlackElo "2264"]
[PlyCount "93"]

1. e4 e5 2. Nf3 Nc6 3. Bb5 a6 4. Bxc6 dxc6 5. O-O Qd6 6. d4 exd4 7. Qxd4 Qxd4
8. Nxd4 Bd7 9. Nd2 O-O-O 10. c3 c5 11. Ne2 Ne7 12. Nf4 Nc6 13. Nf3 Bd6 14. Nd5
h6 15. Bf4 Bxf4 16. Nxf4 Bg4 17. Rfe1 Bxf3 18. gxf3 Ne5 19. Kg2 Rd2 20. Re2
Rxe2 21. Nxe2 Rd8 22. f4 Rd2 23. Kf1 Nf3 24. Kg2 Nxh2 25. Re1 Ng4 26. e5 Kd7
27. Kg3 h5 28. b3 Rxa2 29. Rd1+ Ke7 30. Kf3 g6 31. c4 Rb2 32. Rd3 c6 33. Nc3
Nxf2 34. Re3 Ng4 35. Rd3 f5 36. Kg3 b5 37. Kh4 Rh2+ 38. Kg5 Nf2 39. Rg3 Rh3 40.
Rxh3 Nxh3+ 41. Kxg6 Nxf4+ 42. Kxf5 Ne6 43. Ke4 Nd4 44. Kd3 Nxb3 45. Ne4 Ke6 46.
Nf6 h4 47. Ke4 0-1

[Event "Superettan(Lundby-Rockaden,Umea)"]
[Site "?"]
[Date "2007.10.20"]
[Round "1"]
[White "Hammar, Ulf"]
[Black "Lehtonen, Ture"]
[Result "1/2-1/2"]
[WhiteElo "2152"]
[BlackElo "2110"]
[PlyCount "98"]

1. d4 d5 2. c4 Nc6 3. Nc3 dxc4 4. d5 Ne5 5. Bf4 Ng6 6. Bg3 e5 7. dxe6 Bxe6 8.
Qxd8+ Rxd8 9. Bxc7 Rd7 10. Bg3 f5 11. e3 Nf6 12. Nge2 Bc5 13. Nf4 Nxf4 14. Bxf4
Kf7 15. Be2 Ne4 16. O-O Kf6 17. Nxe4+ fxe4 18. Rfd1 Rhd8 19. Kf1 c3 20. bxc3
Rxd1+ 21. Bxd1 Bxa2 22. Ke1 Bc4 23. Bc2 g5 24. Bg3 Re8 25. Ra4 b5 26. Ra6+ Kf7
27. Rc6 Bb6 28. Rh6 Kg7 29. Rd6 Re7 30. h4 h6 31. h5 Bf7 32. Kd2 Bxh5 33. Rd5
Be8 34. Bd6 Re6 35. Be5+ Kf7 36. Bb3 Ke7 37. Bg3 Bc6 38. Rf5 Rf6 39. Re5+ Kd7
40. Bd1 Bc7 41. Bg4+ Kd8 42. Rf5 Rxf5 43. Bxc7+ Kxc7 44. Bxf5 Kd6 45. Bg4 Kc5
46. f4 Kd6 47. g3 Bd5 48. Be2 Bc4 49. fxg5 hxg5 1/2-1/2

[Event "Superettan(Lundby-Rockaden,Umea)"]
[Site "?"]
[Date "2007.10.20"]
[Round "1"]
[White "Przysuski, Feliks"]
[Black "Larsson, Johan"]
[Result "0-1"]
[WhiteElo "2075"]
[BlackElo "2138"]
[PlyCount "58"]
[EventDate "2007.??.??"]

1. e4 c5 2. Nf3 d6 3. d4 cxd4 4. Nxd4 Nf6 5. Nc3 a6 6. Be3 e5 7. Nf3 Be7 8. Bc4
O-O 9. O-O Be6 10. Bb3 Nc6 11. h3 Rc8 12. Ng5 Bxb3 13. axb3 d5 14. exd5 Nb4 15.
Nf3 Nfxd5 16. Nxd5 Nxd5 17. Bd2 e4 18. Nh2 Bc5 19. c4 Ne7 20. Qe2 f5 21. Bc3
Ng6 22. b4 Nf4 23. Qd2 Qg5 24. g4 Rcd8 25. Qc2 Ba7 26. c5 Nxh3+ 27. Kh1 fxg4
28. Qe2 h5 29. Qc4+ Kh8 0-1

[Event "Superettan(Lundby-Rockaden,Umea)"]
[Site "?"]
[Date "2007.10.20"]
[Round "1"]
[White "Mardell, Jimmy"]
[Black "Ingvason, Sigurgeir"]
[Result "1-0"]
[WhiteElo "2129"]
[BlackElo "2051"]
[PlyCount "85"]
[EventDate "2007.??.??"]

1. e4 g6 2. d4 Bg7 3. Nc3 c5 4. Be3 Nc6 5. Nf3 cxd4 6. Nxd4 Nf6 7. Nxc6 dxc6 8.
Qxd8+ Kxd8 9. O-O-O+ Ke8 10. Bc4 b5 11. Bxb5 Bd7 12. Bc4 a5 13. f3 a4 14. a3
Be6 15. Bxe6 fxe6 16. Rd4 Kf7 17. Rxa4 Rab8 18. Rd1 Rb7 19. Ra7 Rhb8 20. Rxb7
Rxb7 21. Na4 Ne8 22. b3 Nd6 23. Nc5 Rb8 24. a4 Ra8 25. Bf4 e5 26. Be3 h5 27.
Kb2 Rb8 28. Ka3 Ra8 29. c4 Bf8 30. Nd7 Bg7 31. Bc5 Ke6 32. Nb6 Ra6 33. Kb4 g5
34. Be3 g4 35. Kc3 Nf7 36. b4 Bh6 37. Bxh6 Nxh6 38. c5 gxf3 39. gxf3 Nf7 40.
Rg1 Kf6 41. Nd7+ Ke6 42. Nf8+ Kf6 43. Rg6# 1-0

[Event "Superettan(Lundby-Rockaden,Umea)"]
[Site "?"]
[Date "2007.10.20"]
[Round "1"]
[White "Nystrom, Jesper"]
[Black "Hammarstrom, Ulf"]
[Result "1/2-1/2"]
[WhiteElo "1866"]
[BlackElo "2103"]
[PlyCount "37"]

1. e4 e5 2. Nc3 Nf6 3. f4 d5 4. d4 exd4 5. Qxd4 dxe4 6. Qxd8+ Kxd8 7. Bc4 Be6
8. Bxe6 fxe6 9. Nh3 Bb4 10. Bd2 Bxc3 11. Bxc3 Nbd7 12. O-O-O Ke7 13. Rhe1 Rad8
14. Ng5 b6 15. Nxe4 Nxe4 16. Rxe4 Nf6 17. Ra4 Rxd1+ 18. Kxd1 Rd8+ 19. Ke2
1/2-1/2

[Event "Superettan(Orgryte-Rockaden II,Sthlm)"]
[Site "?"]
[Date "2007.10.20"]
[Round "1"]
[White "Olofsson, Dan"]
[Black "Ziegler, Ari"]
[Result "1-0"]
[WhiteElo "2227"]
[BlackElo "2425"]
[PlyCount "85"]
[SourceDate "2007.11.10"]

1. e4 e6 2. d4 d5 3. Nc3 Nf6 4. Bg5 Be7 5. e5 Nfd7 6. Bxe7 Qxe7 7. Qd2 O-O 8.
f4 c5 9. Nf3 Nc6 10. Bd3 cxd4 11. Ne2 f6 12. exf6 gxf6 13. Nexd4 e5 14. Nf5 Qe6
15. fxe5 Ndxe5 16. O-O Nxd3 17. N3d4 Nxd4 18. Nxd4 Qe4 19. Qxd3 Qxd3 20. cxd3
Bd7 21. Rac1 Rac8 22. Rxc8 Bxc8 23. Rc1 Kg7 24. Rc7+ Kg6 25. Kf2 a6 26. a4 h5
27. a5 Re8 28. Rc5 Rd8 29. Ke3 Re8+ 30. Kf4 Rd8 31. b4 Bg4 32. h3 Bc8 33. g4
hxg4 34. hxg4 Rh8 35. Nf5 Bxf5 36. gxf5+ Kh6 37. Rxd5 Rh7 38. Rd6 Rf7 39. d4
Kg7 40. d5 Rc7 41. Re6 Kf7 42. d6 Rc4+ 43. Ke3 1-0

[Event "Superettan(Orgryte-Rockaden II,Sthlm)"]
[Site "?"]
[Date "2007.10.20"]
[Round "1"]
[White "Frisk Kockum, Anton"]
[Black "Hanninger, Simon"]
[Result "1-0"]
[WhiteElo "2325"]
[BlackElo "2188"]
[PlyCount "55"]
[EventDate "2007.??.??"]

1. d4 Nf6 2. Nf3 e6 3. c4 Nc6 4. Nc3 Bb4 5. Bd2 O-O 6. g3 d6 7. Bg2 a5 8. O-O
e5 9. d5 Ne7 10. Nh4 c6 11. e4 cxd5 12. cxd5 Nd7 13. Rc1 Nc5 14. a3 Bxc3 15.
Bxc3 a4 16. f4 exf4 17. gxf4 Nb3 18. Rc2 Nxd5 19. Qxd5 Qxh4 20. Qxd6 Rd8 21.
Qe5 Qh6 22. Kh1 Ra6 23. Rg1 Re6 24. Qc7 Red6 25. Bf1 f6 26. Bb4 R6d7 27. Qxc8
Rxc8 28. Rxc8+ 1-0

[Event "Superettan(Orgryte-Rockaden II,Sthlm)"]
[Site "?"]
[Date "2007.10.20"]
[Round "1"]
[White "Bator, Zbigniew"]
[Black "Ostberg, Peter"]
[Result "1/2-1/2"]
[WhiteElo "2298"]
[BlackElo "2242"]
[PlyCount "106"]

1. d4 d5 2. Nf3 Nf6 3. c4 c6 4. Nc3 e6 5. e3 Nbd7 6. Bd3 dxc4 7. Bxc4 b5 8. Be2
Bb7 9. O-O a6 10. e4 b4 11. e5 bxc3 12. exf6 cxb2 13. fxg7 Bxg7 14. Bxb2 c5 15.
Rb1 Be4 16. Bd3 Bxf3 17. Qxf3 Rb8 18. Qg3 Bf6 19. Rfd1 cxd4 20. Bxa6 Qa5 21.
Bc4 Rb4 22. Bb3 Be5 23. Qg4 h5 24. Qh3 Nc5 25. Rbc1 Ke7 26. Rc4 Rxc4 27. Bxc4
Qa4 28. Bb3 Qb4 29. Bxd4 Bxd4 30. Qh4+ f6 31. Qxd4 Qxd4 32. Rxd4 Rb8 33. Rd1
Nxb3 34. Rb1 Kd6 35. Rxb3 Rc8 36. Rd3+ Ke5 37. g3 Ra8 38. a3 Ra4 39. h3 f5 40.
Rb3 Kf6 41. Kg2 h4 42. gxh4 Rxh4 43. Rb4 Rh7 44. Ra4 e5 45. Ra6+ Kg5 46. Ra8
Kf4 47. Rb8 Rg7+ 48. Kf1 Rd7 49. Rb3 Rc7 50. Kg2 Rc2 51. Rg3 Ke4 52. Rg8 f4 53.
Re8 Kf5 1/2-1/2

[Event "Superettan(Orgryte-Rockaden II,Sthlm)"]
[Site "?"]
[Date "2007.10.20"]
[Round "1"]
[White "Arnelind, Mikael"]
[Black "Lissang, Christopher"]
[Result "0-1"]
[WhiteElo "2169"]
[BlackElo "2180"]
[PlyCount "132"]

1. d4 Nf6 2. c4 e6 3. Nc3 Bb4 4. e3 c5 5. Nf3 O-O 6. Bd3 d5 7. O-O dxc4 8. Bxc4
cxd4 9. exd4 b6 10. Bg5 Bb7 11. Qe2 Bxc3 12. bxc3 Nbd7 13. Rac1 Qc7 14. Bd3
Rac8 15. Rfe1 h6 16. Bh4 Qf4 17. Bg3 Qg4 18. h3 Qh5 19. Qe3 Bxf3 20. Qxf3 Qxf3
21. gxf3 Nd5 22. Bd6 Rfd8 23. c4 Rc6 24. Ba3 N5f6 25. f4 Nc5 26. Red1 Nxd3 27.
Rxd3 Rdc8 28. c5 Nd5 29. Rf3 f5 30. Kh2 b5 31. Rg1 R8c7 32. Rb3 Ra6 33. Kg3 Ra4
34. Bb2 a6 35. a3 Kf7 36. Kf3 g6 37. Rd3 Rc4 38. Bc1 Rd7 39. Be3 Ne7 40. Rb3
Nc6 41. Kg2 Rd5 42. Rgb1 Nxd4 43. Rb4 Rxb4 44. axb4 Nc6 45. Kf3 Rd3 46. Ke2 Rc3
47. Rd1 Ke7 48. Rg1 Kf6 49. Rd1 Rc2+ 50. Kf1 Ke7 51. Rd6 Nxb4 52. Rb6 Rc4 53.
Rb7+ Kf6 54. Rb6 Nd5 55. Rxa6 Nxe3+ 56. fxe3 Rxc5 57. Rb6 Rc3 58. Ke2 Rc2+ 59.
Kf3 Rb2 60. Rb7 b4 61. Kg3 b3 62. Kf3 Rb1 63. Kg3 b2 64. Kg2 g5 65. fxg5+ hxg5
66. Rb5 Ke7 0-1

[Event "Superettan(Orgryte-Rockaden II,Sthlm)"]
[Site "?"]
[Date "2007.10.20"]
[Round "1"]
[White "Forsberg, Jan-Olof"]
[Black "Backman, Michael"]
[Result "1-0"]
[WhiteElo "2124"]
[BlackElo "2129"]
[PlyCount "89"]
[EventDate "2007.??.??"]

1. d4 Nf6 2. c4 g6 3. Nc3 Bg7 4. e4 d6 5. Nf3 O-O 6. Be2 e5 7. O-O Nc6 8. d5
Ne7 9. Ne1 Nd7 10. Nd3 f5 11. f3 f4 12. g4 fxg3 13. hxg3 Nf6 14. Kg2 h6 15. Rh1
g5 16. Nf2 c6 17. Be3 c5 18. Rh2 a6 19. Qh1 Qe8 20. Rxh6 Bxh6 21. Qxh6 Qg6 22.
Qxg5 Qxg5 23. Bxg5 Ng6 24. Rh1 Nh7 25. Be3 Bd7 26. Rh6 Kg7 27. Rh1 Rh8 28. f4
exf4 29. gxf4 Nf6 30. Rxh8 Rxh8 31. e5 Nh5 32. Bxh5 Nh4+ 33. Kg3 Nf5+ 34. Kf3
Rxh5 35. e6 Be8 36. Nce4 Rh2 37. Ng3 Bh5+ 38. Nxh5+ Rxh5 39. b4 cxb4 40. Bb6
Rh8 41. c5 dxc5 42. Bxc5 a5 43. Ke4 Kg6 44. Nd3 Rh2 45. Ne5+ 1-0

[Event "Superettan(Orgryte-Rockaden II,Sthlm)"]
[Site "?"]
[Date "2007.10.20"]
[Round "1"]
[White "Heden, Gustav"]
[Black "Carlsson, Mikael"]
[Result "1/2-1/2"]
[WhiteElo "2103"]
[BlackElo "1767"]
[PlyCount "55"]

1. c4 c5 2. Nc3 Nc6 3. g3 g6 4. Bg2 Bg7 5. e3 d6 6. Nge2 Nf6 7. d4 cxd4 8. exd4
O-O 9. O-O Bf5 10. Bf4 Qd7 11. Re1 Bh3 12. Bh1 Bg4 13. Qd2 Qf5 14. f3 Bh3 15.
d5 Ne5 16. Bxe5 dxe5 17. g4 Qd7 18. Ng3 Qc7 19. b3 e4 20. Ngxe4 Nxe4 21. Rxe4
Qb6+ 22. Re3 Bd4 23. Rae1 f5 24. Na4 Qf6 25. Bg2 fxg4 26. fxg4 Bxg4 27. Kh1
Bxe3 28. Qxe3 1/2-1/2